Agn̊cia nacional de g̀ua e saneamento bs̀ico

Detalles Bibliográficos
Autor principal: Machado Granziera, Maria Luiza
Formato: eBook
Lenguaje:portugués
Publicado: Indaiatuba: Editora Foco, 2021
Materias:
Acceso en línea:Acceso restringido

MARC

LEADER 00000nam a22000007a 4500
005 20220420220758.0
007 cr|||| ||||
008 220420s2021 br |||||s|||| 00||0 por d
020 |a 978-65-5515-335-4 
035 |a 36184 
040 |a vLex 
090 |c 13206  |d 13206 
100 1 |a Machado Granziera, Maria Luiza 
245 1 0 |a Agn̊cia nacional de g̀ua e saneamento bs̀ico  |h [Recurso electrn̤ico] /  |c Maria Luiza Machado Granziera 
256 |a Servicio en ln̕ea 
260 |a Indaiatuba:  |b Editora Foco,  |c 2021 
300 |a 1 recurso electrn̤ico 
506 1 |a Disponible solo en los productos indicados  |d vLex Global  |d vLex Global (Academic Edition, excluding Law Schools)  |d vLex Global (U.S. Academic Edition, Law Schools)  |d vLex Global (U.S. Academic Edition, excluding Law Schools)  |d vLex Global (Academic Edition, Law Schools) 
650 0 4 |a Derecho Pb︢lico y Administrativo  |z Brasil 
740 0 |a vLex Libros (Servicio en ln̕ea) 
856 4 0 |u https://app.vlex.com/#/sources/36184  |z Acceso restringido 
942 |c BOOK 
999 0 |a Public and Administrative Law